000 00499nam a22001817a 4500
005 20251108174933.0
008 250721s2010 xx 000 0 ara d
082 1 4 _a152.4/رشد
100 1 _aرشدي، هند
_eمؤلف
245 1 0 _aالسيطرة على العواطف /
264 1 _aالجيزة :
_bدار مشارق،
_c2010.
300 _a101ص.
650 1 7 _aتطوير الشخصية
650 1 7 _aالعواطف
650 1 7 _aالنجاح
942 _2ddc
_cBK
999 _c121977
_d121977